000 00165 a2200073 4500
020 _a9781415015070
082 _a172967
245 _aDIE GRIESKE DOKTER EN SY APOESTERBRUID
999 _c789075
_d789074
942 _w13411
_xBongani Makatu
_y13411
_zBongani Makatu